000 00419nam a2200181Ia 4500
001 24150
005 20260414151024.0
008 260414t2008||||xx |||||||||||||| ||spa||
041 _aESP
082 _a782.1
_bW35
100 _aWeber, Carl María von
_eAUT
245 0 _aEl cazador furtivo
_b
260 _c2008
300 _a76 páginas :
_c26 cm.
650 _aABD
654 _aCAU
942 _cLIB
_dJUS
_fJUS
_2ddc
_n
999 _c24150
_d24150